000
00282nam a2200109Ia 4500
008
190216s9999||||xx |||||||||||||| ||und||
100
_a
Sagar & Chopra
245
0
_a
State Bank Probationary Officers Guide
260
_b
New Light Publishers
_c
1987
300
_a
345p
942
_c
REF
999
_c
35618
_d
35618